V centre zahraničné investície

Popis aktuálnej situácie v oblasti zahraničných investícií.

Gespeichert in:
Bibliographische Detailangaben
1. Verfasser: Janek, Miroslav
Weitere Verfasser: Čerňák, Jozef, 1963-
Format: Buchkapitel
Sprache:Slowakisch
Schlagworte:
Tags: Tag hinzufügen
Keine Tags, Fügen Sie das erste Tag hinzu!

MARC

LEADER 00000naa a2200000 4500
001 0295674
005 20240417075244.4
041 0 |a slo 
044 |a SK 
245 1 0 |a V centre zahraničné investície  |c Jozef Čerňák 
520 |a Popis aktuálnej situácie v oblasti zahraničných investícií. 
610 2 0 |a investície 
610 2 0 |a investície priame zahraničné 
610 2 0 |a obchod 
610 2 0 |a agentúry 
100 1 |a Janek, Miroslav 
700 1 |a Čerňák, Jozef, 1963-